01596nam a2200361 a 4500001001000000003000500010005001700015008004100032010001100073011001100084040000900095090001000104100004100114245020000155260004100355500006000396502008300456590004100539590004100580590004100621590004000662590004000702650004300742650003500785650003600820856007000856901000700926942001000933942000600943999001900949952013100968952013501099000113580CHAP20220329144402.0170807s2017 mx sm |||||||spa d a110041 a111013 cCHAP aTesis1 aJacobo Segura, Dulce Liliana913298010aAlteraciones físicas, químicas y biológicas en suelos fragmentado de bosque mesófilo de montaña por actividades de cambio de uso de sueloh[En línea]cpor Dulce Liliana Jacobo Segura. aChapingo, Méx. :bEl autor,c2017. aPara ver el contenido del material haga clic en la liga aTesis (M.C. en Ciencias Forestales) -- UACH. División de Ciencias Forestales aBATCH-UPDb05c20170807lUCH01h0833 aBATCH-UPDb10c20170808lUCH01h0932 aE11695DGDb10c20170808lUCH01h0931 aE5765TAJb05c20170807lUCH01h0832 aE5765TAJb05c20170807lUCH01h083314aSuelos ForestalesxAnálisis.913298114aSuelosxComposición.911028014aTierrasxUtilización.9113219 aFinding aiduhttp://10.13.5.2/tesis/sist113580.pdfzTeclea aquí aBK cTESIS n0 c110041d110041 00104054718TESISaBCbBCd2017-08-07fTESISl0oTesisp113582-10r2019-12-31 00:00:00w2019-12-31yTESISzRecien adquirido 00102local4053708TESISaBCbBCcPA_TESISd2017-08-07fTESISl0oTesisp113582-20r2019-12-31 00:00:00tc.2w2019-12-31yTESIS